Statistics for (Maybe) The Longest Quiz in The World

Click here to take the quiz!

General Stats

  • This quiz has been taken 129 times
    (108 since last reset)
  • The average score is 59 of 84

Answer Stats

HintAnswer% Correct
Type aa
100%
Type the first letter in the alphabetA
100%
Type bb
100%
Type cc
100%
Type 11
99%
Type 99
99%
Type 55
98%
Type 55
98%
Type 935935
95%
Type blahBlah
93%
Type blah blahBlah Blah
93%
Type 1919
92%
Type 44
92%
Type 44
92%
Type blah blah blahBlah Blah Blah
92%
Type Yayi1Yayi1
92%
What colour is the sky when it's daytime?Blue
91%
Type blueBlue
91%
Type greenGreen
91%
Type redRed
91%
Type USA's capitalWashington DC
91%
Type orangeOrange
89%
Type yellowYellow
89%
Type 66
88%
Type eraserEraser
88%
Type indigoIndigo
88%
Is it a good idea to pop pimples? Yes or noNo
88%
Is yayi1 a country?No
88%
Did Baldi get you?No
88%
Is a spider an insect?No
88%
Type pinkPink
88%
Type purplePurple
88%
How many legs does a spider have? (Type only number, not number word)8
87%
Type 88
87%
Type pencilPencil
87%
Type 33
86%
What is 6+6? (Oh boy, its Baldi's Math Time TM)12
85%
Type blackBlack
85%
What colour is the sky when it is night?Black
85%
Is palau a country?Yes
85%
Is vanuatu a country?Yes
85%
Is Windows 7 good according to Google? Type yes or noYes
85%
Is seychelles a country?Yes
85%
Is sri lanka a country?Yes
85%
Is canada a countryYes
85%
Is usa a country?Yes
85%
In the logo of Firefox, is there a fox? Say yes or noYes
85%
Is BTS popular? Type yes or noYes
85%
Is Windows 10 the latest cpu that Microsoft made? Yes or no typeYes
85%
Type brownBrown
84%
Type whiteWhite
84%
What colour may hurt our eyes?White
84%
Type 22
81%
Type Canada's capitalOttawa
78%
Type 1010
76%
Type 77
76%
Type the last letter in the alphabetZ
75%
Which year did WW1 start?1914
67%
Type what site this isJetpunk
67%
Type the most popular pokemonPikachu
66%
Which year did WW2 start?1939
64%
Type a fruit that is yellow and grows from a treeBanana
61%
If you saw 3 ladders to a door which would you choose? Door 1: Has alligators everywhere. Door 2: Has arrows shooting. Door 3: has a shark in water.Door 2
61%
How many colonies are there, in the US?13
60%
What is 6 WITH 6? (Oh no, Baldi would be mad if I do math wrong! He slaps me with his wooden ruler and make me chopped pieces of human meat. If you get this math problem wrong, Baldi comes and gets his ruler immediately. And chops you like onions. Beware Baldi, and his razor sharp ruler.)66 I hope Baldi didn't get me with his razor sharp ruler!
57%
Which year did the Cold War start?1947
53%
How many non-colony states are there in America?37
48%
Type a fruit that is red and has another _____ attached with the first fruitCherry
38%
Type the region name for generation 1 in PokemonKanto
25%
Type the region name for generation 2 in PokemonJohto
21%
Type the region name for generation 7 in PokemonAlola
20%
Type the region name for generation 4 in PokemonSinnoh
20%
Type the region name for generation 5 in PokemonUnova
20%
Type the region name for generation 8 in PokemonGalar
19%
Type the region name for generation 3 in PokemonHoenn
18%
Type the region name for generation 6 in PokemonKalos
18%
What Genshin Impact starter is a pyro?Amber
11%
97898098098098089
4%
879578985795787859789578
4%
865796784678759785978
4%
789789578978957897897895
4%
879797098899
4%
09808980987098009909
4%
975897895789879789579
4%

Score Distribution

Percentile by Number Answered

Percent of People with Each Score

Your Score History

You have not taken this quiz since the last reset